000 01067ngm a22003850a 4500
001 PT15517
003 AR-LpoUNG
005 20210202000156.0
007 vd cvaizq
008 191001s1995||||ag |||||||||||||||||spa d
037 _c$8.3
040 _aAR-LpoUNG
_bspa
_cAR-LpoUNG
_eaacr
041 _aspa
044 _aag
082 0 _a982.064 645caz
100 1 _aBlaustein, David
_edir.
245 1 0 _aCazadores de utopías
260 _aBuenos Aires :
_bSolo para Coleccionistas,
_c[1995].
300 _aVHS (150 min.) : son., byn, col.
505 0 _aMúsica: Lito Nebbia.
650 4 _aARGENTINA
650 4 _aASPECTOS POLITICOS
650 4 _aDICTADURA
650 4 _aGOBIERNO MILITAR
650 4 _aHISTORIA
650 4 _aHISTORIA POLITICA
650 4 _aPARTICIPACION POLITICA
651 4 _aArgentina
653 _aDOCUMENTALES
653 _aVIDEOS
710 2 _aInstituto Nacional de Cinematografía y Artes Visuales (Argentina)
710 2 _aZafra Cine Difusión (firma comercial : Buenos Aires)
905 _a15517
942 _cVIDEO
999 _c54248
_d54248